00829nam a2200229 a 4500003000500000005001700005008004100022010001500063020001800078050002400096100002100120245008800141250001700229260005200246300004500298500006600343650004900409650002800458650004100486650004300527700002900570SISC20170302100557.0111018s19uu xx 00 eng d a2009043551 a9780135125663 aHF 5549b.C297 2011 aCascio, Wayne F. aApplied psychology in human resource management /cWayne F. Cascio, Herman Aguinis. a7th edition. aUpper Saddle River, NJ :bPrentice Hall,c2011. axx, 531 pages :billustrations ;c26 cm. aIncludes bibliographical references (p. 464-516) and indexes. aPersonnel managementxPsychological aspects. aPsychology, Industrial. aPersonnel managementzUnited States. aPsychology, IndustrialxUnited States. aAguinis, Herman. 41966-